[Event "Pyrgos Spilios Dimitris op 1st"]
[Site "Pyrgos"]
[Date "2006.08.18"]
[Round "2"]
[White "Vazelaki, Stamatia"]
[Black "Spiropoulos, Giorgos"]
[Result "0-1"]
[WhiteElo "1595"]
[BlackElo "2000"]
[PlyCount "104"]
[EventDate "2006.08.18"]
[EventType "swiss"]
[EventRounds "6"]
[EventCountry "GRE"]
[SourceTitle "EXT 2024"]
[Source "ChessBase"]
[SourceDate "2023.10.10"]
[SourceVersion "1"]
[SourceVersionDate "2023.10.10"]
[SourceQuality "1"]

1. e4 c5 2. Nc3 Nc6 3. f4 g6 4. Nf3 Bg7 5. Bb5 Nd4 6. 0-0 Nxb5 7. Nxb5 a6 8. Nc3 d6 9. d3 e6 10. a4 Ne7 11. Qe1 0-0 12. f5 exf5 13. Qh4 fxe4 14. Ng5 h6 15. Ngxe4 Nf5 16. Qxd8 Rxd8 17. Nd5 Be6 18. Nb6 Rab8 19. c3 Re8 20. g4 Nh4 21. Nxd6 Bxg4 22. Nxe8 Rxe8 23. Bf4 Re2 24. Rf2 Nf3+ 25. Kg2 Re6 26. Nd5 Ne1+ 27. Kg3 Bh5 28. Rd2 f5 29. Be3 Nf3 30. Rf2 g5 31. Bxc5 f4+ 32. Kg2 Ne1+ 33. Kf1 Nxd3 34. Rd2 Nxc5 35. Nc7 Re7 36. Nd5 Re5 37. Re1 Rxe1+ 38. Kxe1 Bf3 39. Ne7+ Kf7 40. Nf5 Bf8 41. h3 Kg6 42. Nd4 Be4 43. b4 Nxa4 44. Ne6 Be7 45. Rd7 Bf6 46. Nf8+ Kh5 47. Kf2 Nxc3 48. Ne6 Bf5 49. Ng7+ Bxg7 50. Rxg7 Be4 51. Rc7 Bc6 52. Rh7 Ne4+ 0-1

[Event "GRE mix 17th"]
[Site "Greece"]
[Date "2003.12.19"]
[Round "2"]
[White "Goumas, Georgios"]
[Black "Spiropoulos, Giorgos"]
[Result "1/2-1/2"]
[WhiteElo "1845"]
[BlackElo "1695"]
[PlyCount "73"]
[EventDate "2003.12.??"]
[EventType "team"]
[EventRounds "5"]
[EventCountry "GRE"]
[SourceTitle "EXT 2005"]
[Source "ChessBase"]
[SourceDate "2004.11.15"]
[SourceVersion "1"]
[SourceVersionDate "2004.11.15"]
[SourceQuality "1"]

1. e4 c5 2. Nc3 Nc6 3. f4 d6 4. Nf3 g6 5. Bb5 Bg7 6. Bxc6+ bxc6 7. 0-0 e6 8. d4 cxd4 9. Nxd4 Qb6 10. Be3 Qxb2 11. Qd2 Qb7 12. Rab1 Qd7 13. f5 e5 14. Nde2 Ba6 15. Rbd1 Rd8 16. Bg5 f6 17. fxg6 hxg6 18. Be3 Ke7 19. Qc1 Bh6 20. Bxh6 Nxh6 21. Qa3 Bc4 22. h3 Nf7 23. Qb4 Be6 24. Na4 Qc8 25. Qe1 Qa6 26. Nac3 Ng5 27. h4 Qb6+ 28. Nd4 exd4 29. Na4 Nh3+ 30. gxh3 Qb5 31. Qf2 Qxa4 32. Qxf6+ Kd7 33. Rxd4 Qa3 34. c3 Rh7 35. Rb4 Kc7 36. Qxe6 Qxc3 37. Rf7+ 1/2-1/2

[Event "GRE-ch U16"]
[Site "Chania"]
[Date "2003.04.23"]
[Round "6"]
[White "Spiropoulos, Giorgos"]
[Black "Mathioulakis, Fanis"]
[Result "1-0"]
[WhiteElo "1690"]
[BlackElo "1810"]
[PlyCount "97"]
[EventDate "2003.04.??"]
[EventType "swiss"]
[EventRounds "7"]
[EventCountry "GRE"]
[SourceTitle "EXT 2005"]
[Source "ChessBase"]
[SourceDate "2004.11.15"]
[SourceVersion "1"]
[SourceVersionDate "2004.11.15"]
[SourceQuality "1"]

1. e4 e6 2. d4 d5 3. Nc3 Nf6 4. Bg5 Be7 5. exd5 Nxd5 6. Bxe7 Qxe7 7. Nxd5 exd5+ 8. Qe2 Qxe2+ 9. Bxe2 0-0 10. 0-0-0 Re8 11. Bf3 c6 12. Ne2 Bf5 13. Ng3 Bg6 14. Rhe1 Nd7 15. h4 h6 16. Nf1 Nf6 17. Nd2 Kf8 18. Nb3 b6 19. Be2 Re4 20. Ba6 Rxh4 21. f3 Rb8 22. Rd2 Bf5 23. Rde2 Be6 24. c3 Nd7 25. Re3 Rf4 26. g3 Rf6 27. Kd2 c5 28. a3 c4 29. Nc1 b5 30. Na2 g5 31. Nb4 Rb6 32. Bc8 Nb8 33. Bxe6 fxe6 34. f4 gxf4 35. gxf4 Kf7 36. Rh3 Nc6 37. Reh1 Nxb4 38. axb4 Rxf4 39. Rxh6 Rf2+ 40. Ke3 Rxb2 41. Rh7+ Kg8 42. Rxa7 Rg2 43. Kf3 Rc2 44. Ra3 Rb8 45. Kf4 Re2 46. Kf3 Re4 47. Rg1+ Kh7 48. Ra7+ Kh6 49. Rd7 1-0

[Event "GRE-ch U16"]
[Site "Chania"]
[Date "2003.04.20"]
[Round "2"]
[White "Spiropoulos, Giorgos"]
[Black "Georgiadis, Ioannis"]
[Result "0-1"]
[WhiteElo "1690"]
[BlackElo "1910"]
[PlyCount "144"]
[EventDate "2003.04.??"]
[EventType "swiss"]
[EventRounds "7"]
[EventCountry "GRE"]
[SourceTitle "EXT 2005"]
[Source "ChessBase"]
[SourceDate "2004.11.15"]
[SourceVersion "1"]
[SourceVersionDate "2004.11.15"]
[SourceQuality "1"]

1. e4 c5 2. Nf3 Nc6 3. d4 cxd4 4. Nxd4 e5 5. Nb5 d6 6. N1c3 a6 7. Na3 b5 8. Nd5 Nce7 9. c4 Nxd5 10. cxd5 Nf6 11. Bd3 Be7 12. 0-0 0-0 13. Be3 Bg4 14. f3 Bd7 15. Qd2 Qb8 16. Rac1 Qb7 17. Qa5 Bd8 18. Qd2 Bb6 19. Nc2 Rac8 20. Kh1 Bxe3 21. Nxe3 Rxc1 22. Rxc1 Rc8 23. Rc3 Kf8 24. Kg1 Ke7 25. Kf2 g6 26. Rxc8 Qxc8 27. Qc3 Qxc3 28. bxc3 Kd8 29. c4 Kc7 30. cxb5 axb5 31. Ke2 Kb6 32. Kd2 Kc5 33. a3 Nh5 34. g3 h6 35. Kc3 Nf6 36. Bf1 Nh7 37. Nc2 f5 38. Nb4 Ng5 39. Bg2 fxe4 40. fxe4 Bh3 41. Bxh3 Nxh3 42. Nd3+ Kb6 43. Kb4 Ng5 44. Nf2 Nf3 45. h3 h5 46. Nd3 Nd2 47. Nf2 Nf1 48. g4 h4 49. Kc3 Ka5 50. Kb3 Ng3 51. Kc3 Ka4 52. Kb2 b4 53. axb4 Kxb4 54. Nd3+ Kb5 55. Ne1 Nxe4 56. Nf3 g5 57. Kc2 Kc5 58. Kd1 Kxd5 59. Ke2 Ke6 60. Ne1 d5 61. Nd3 Ng3+ 62. Kf2 e4 63. Nc5+ Kd6 64. Nb3 Ke5 65. Nd2 d4 66. Nc4+ Kf4 67. Nd6 e3+ 68. Ke1 d3 69. Nc4 d2+ 70. Kd1 Kf3 71. Ne5+ Kg2 72. Nc4 Kf2 0-1